00840 2200229 4500001002100000005001700021008004100038035002500079040001200104082001600116084002100132100003000153245018800183260006200371300003200433500005200465504002800517650001700545700001800562850001200580990001800592INLIS00000000000902520150805143920.0  a0010-081500000000463 aYOPDYOG 223a612.664 aSK 612.664 Shi S aSHINTA Rochma Rulita Sari aStudi komparasi perubahan berat badan bayi usia 4-6 bulan yang di beri ASI Eksklusif dan tidak diberi ASI Eksklusif di Puskesmas Ngampilan Yogyakarta 2008c/ Shinta Rochma Rulita Sari aYogyakartabSekolah Tinggi Ilmu Kesehatan 'Aisyiyahc2008 axii, 49 lembar. ;c29,5 cm. aTugas Akhir Program Studi Diploma III Kebidanan aBibliografi: hlm. 43-49 aAir Susu Ibu aRETNO Mawarti aYOPDYOG a47321-PD/A.15